000 00427nam a2200181Ia 4500
008 221030s9999 xx 000 0 und d
020 _a8183182895
041 _aEnglish
082 _a105.23
_bSin
100 _aV, K, Singh
245 0 _aEffective Management Workout Case Study
250 _a1st
260 _bHimalaya Pub House
_aMumbai
_c2005
300 _a164
650 _aManagement
700 _aS. Joshi
942 _cBK
999 _c623
_d623